Dato' Onn Jaffar
| Format: | Book |
|---|---|
| Published: |
Kuala Lumpur :
Penerbitan Fargoes sdn. Bhd. ,
1985
|
| Series: | Siri Negarawan Tanahair
|
| Subjects: |
MARC
| LEADER | 00000cam a2200000 7i4500 | ||
|---|---|---|---|
| 001 | 0000060378 | ||
| 005 | 20220105105406.0 | ||
| 008 | 160302 | ||
| 020 | |a 978967660156x | ||
| 090 | 0 | 0 | |a BIO/MAL |
| 245 | 1 | 0 | |a Dato' Onn Jaffar |
| 260 | |a Kuala Lumpur : |b Penerbitan Fargoes sdn. Bhd. , |c 1985 | ||
| 300 | |a 30pg. | ||
| 490 | 0 | |a Siri Negarawan Tanahair | |
| 500 | |a Children ages 7-9 years old (orange) | ||
| 650 | 0 | |a Children's Stories Malay | |
| 999 | |a 00063795 |b Book |c Children Collection |e Cawangan Muar | ||